Word Ladder: Solemn Navigation Quiz Stats

 Plays Quiz Updated Dec 12, 2017

Challenge
Share
Tweet
Embed
Score 0/22 Timer 02:00
2 Plays Today
Clue Word % Correct
'From dusk till ____'DAWN
95.4%
Cubs or Cowboys, e.g.TEAM
93.5%
Rip•TEAR•
93.1%
Bus on railsTRAM
91.6%
Gape in tirednessYAWN
89.7%
Ballroom attireGOWN
89.4%
Strings batted around by a catYARN
88.9%
One of 100 on a football fieldYARD
88.9%
Bird feathers•DOWN•
88.6%
Ambusher's setupTRAP
85.8%
The ____ of Avon (Shakespeare)BARD
85.5%
Clue Word % Correct
To repair, like a heartMEND
85%
Thug for hireGOON
83.9%
Styx or Stones, e.g.BAND
83.7%
Pigeon houseCOOP
83.6%
Cause to be angledBEND
83.3%
Diner's reading matter•MENU•
83.3%
Activate an alarmTRIP
82.1%
Coffee-making methodDRIP
81%
Eye 'guck'GOOP
80.3%
Give up or abandon•DROP•
78.5%
Beans, barley, or beets, e.g.CROP
76.2%

Today's Daily Dose

You're not logged in!

Compare scores with friends on all Sporcle quizzes.
OR
Log In

You Might Also Like...

Show Comments

Extras

Top Quizzes Today


Score Distribution

Your Account Isn't Verified!

In order to create a playlist on Sporcle, you need to verify the email address you used during registration. Go to your Sporcle Settings to finish the process.

Report this User

Report this user for behavior that violates our Community Guidelines.

Details: